000 00789nam a2200253Ia 4500
003 OSt
005 20220927105004.0
006 a|||||r|||| 00| 0
007 ta
008 220926b |||||||| |||| 00| 0 eng d
024 _a140732
037 _cReference Collections
040 _aRTL
_cRTL
_beng
041 _2eng
_aeng
082 _a"Xv275.L75<--L56, K9"
100 _aKhan Abdul Majed
_9369141
245 0 _a"Transition in Bengal, 1756-1775"
_b A study of Saiyid muhammad reza khan
260 _aLondon
_bCambridge University Press
_c1969
300 _a"xv, 376p"
_ccm.
490 _aCambridge South Asian Studies
500 _aBibliography: P 350-62
942 _h"Xv275.L75<--L56, K9"
_cCC
999 _c690006
_d690006